| Tag |
First Indicator |
Second Indicator |
Subfields |
| LEADER |
00000nas a2200000 i 4500 |
| 001 |
in00004604530 |
| 006 |
m o d |
| 007 |
cr unu|||||||| |
| 008 |
040715s2014 miu o 000 1 eng d |
| 005 |
20221129014004.4 |
| 020 |
|
|
|a 9780472120970
|
| 020 |
|
|
|a 9780472036165
|
| 024 |
7 |
|
|a 10.3998/tfcp.13240726.0001.001
|2 doi
|
| 035 |
|
|
|a (MiU)10.3998/tfcp.13240726.0001.001
|
| 035 |
|
|
|a in00004604530
|
| 040 |
|
|
|a MiU
|b eng
|c MiU
|
| 050 |
0 |
4 |
|a PS
|
| 100 |
1 |
|
|a Goodman, Lauren Foss,
|d 1982-
|e author.
|
| 245 |
1 |
2 |
|a A heart beating hard /
|c Lauren Foss Goodman.
|
| 264 |
|
1 |
|a Ann Arbor, Michigan :
|b University of Michigan Press,
|c 2014.
|
| 300 |
|
|
|a 1 online resource.
|
| 336 |
|
|
|a text
|b txt
|2 rdacontent
|
| 337 |
|
|
|a computer
|b c
|2 rdamedia
|
| 338 |
|
|
|a online resource
|b cr
|2 rdacarrier
|
| 490 |
1 |
|
|a 21st century prose
|
| 588 |
|
|
|a Description based on information from the publisher.
|
| 650 |
|
0 |
|a American fiction
|y 20th century.
|
| 655 |
|
7 |
|a Electronic books.
|2 local
|
| 710 |
2 |
|
|a Michigan Publishing (University of Michigan)
|e publisher.
|
| 830 |
|
0 |
|a Twenty-first century prose series.
|
| 856 |
4 |
0 |
|u https://doi.org/10.3998/tfcp.13240726.0001.001
|z Connect to the full text of this electronic book
|t 0
|
| 955 |
|
|
|a University of Michigan Press Open Access ebooks
|
| 999 |
f |
f |
|s d3b511a3-2e6c-48a0-9066-5ebbc07c1539
|i e3049ddf-f705-45bb-b175-3376e2aedb19
|t 0
|
| 952 |
f |
f |
|a Texas A&M University
|b College Station
|c Electronic Resources
|d Available Online
|t 0
|e PS
|h Library of Congress classification
|
| 998 |
f |
f |
|a PS
|t 0
|l Available Online
|